Find the '90s Cartoon Quiz Stats

 Plays Quiz Updated Jul 23, 2018

Score 0/20 Timer 05:00
2 Plays Today
Question Answer Wrong Answers
The Magic School Bus The Magic School Bus
97.4%
Talespin
0.7%
Gargoyles
0%
Aaahh!!! Real Monsters
0.1%
Darkwing Duck Darkwing Duck
97.3%
Animaniacs
0.3%
Tiny Toon Adventures
0.4%
Swat Kats: The Radical Squadron
0.3%
Rugrats Rugrats
97%
Bobby's World
0.7%
Doug
0.4%
Daria
0.3%
Beavis and Butt-Head Beavis and Butt-Head
96.4%
Pinky and the Brain
0.4%
The Ren & Stimpy Show
1.1%
Rocko's Modern Life
0.5%
Doug Doug
95.3%
Rugrats
1%
Bobby's World
1.6%
Daria
0.5%
Swat Kats: The Radical Squadron Swat Kats: The Radical Squadron
95%
Animaniacs
1.7%
Tiny Toon Adventures
1.1%
Darkwing Duck
0.5%
Gargoyles Gargoyles
94.9%
Talespin
0.4%
The Magic School Bus
0.4%
Aaahh!!! Real Monsters
2.7%
Daria Daria
94.9%
Rugrats
0.3%
Bobby's World
2.1%
Doug
1%
Batman: The Animated Series Batman: The Animated Series
94.8%
Captain Planet and the Planeteers
0.2%
The Tick
1.8%
X-Men
1.6%
X-Men X-Men
94.5%
Captain Planet and the Planeteers
2.4%
The Tick
1.1%
Batman: The Animated Series
0.4%
The Tick The Tick
94.5%
Captain Planet and the Planeteers
1.8%
Batman: The Animated Series
0.8%
X-Men
1.2%
Pinky and the Brain Pinky and the Brain
93.7%
The Ren & Stimpy Show
3.1%
Beavis and Butt-Head
0.2%
Rocko's Modern Life
1.4%
Captain Planet and the Planeteers Captain Planet and the Planeteers
91.9%
The Tick
2.8%
Batman: The Animated Series
0.1%
X-Men
3.5%
Animaniacs Animaniacs
91.5%
Tiny Toon Adventures
3.9%
Darkwing Duck
0.7%
Swat Kats: The Radical Squadron
2.3%
Rocko's Modern Life Rocko's Modern Life
91.3%
Pinky and the Brain
1.5%
The Ren & Stimpy Show
4.1%
Beavis and Butt-Head
1.3%
Tiny Toon Adventures Tiny Toon Adventures
90.6%
Animaniacs
7.3%
Darkwing Duck
0.3%
Swat Kats: The Radical Squadron
0.2%
Aaahh!!! Real Monsters Aaahh!!! Real Monsters
90.4%
Talespin
0.4%
The Magic School Bus
0.8%
Gargoyles
6.7%
Bobby's World Bobby's World
89%
Rugrats
1%
Doug
4.4%
Daria
3.9%
The Ren & Stimpy Show The Ren & Stimpy Show
88.6%
Pinky and the Brain
4%
Beavis and Butt-Head
1.2%
Rocko's Modern Life
4.6%
Talespin Talespin
86.7%
The Magic School Bus
2.2%
Gargoyles
3.5%
Aaahh!!! Real Monsters
5.9%

You're not logged in!

Compare scores with friends on all Sporcle quizzes.
OR
Log In

Sporcle TV

Today on Sporcle TV


Watch our educational content, quiz creation guides, and fun videos on Sporcle TV.

Show Comments

Extras

Top Quizzes Today


Score Distribution

Your Account Isn't Verified!

In order to create a playlist on Sporcle, you need to verify the email address you used during registration. Go to your Sporcle Settings to finish the process.

Report this User

Report this user for behavior that violates our Community Guidelines.

Details: